International routes from Indira Gandhi International Airport (DEL) - Statistics

General Stats
  • This quiz has been taken 34 times
    8 since last reset
  • The average score is 116 of 127
Answer Stats
Airline International Route Country % Correct
Etihad Airways Abu Dhabi United Arab Emirates
100%
IndiGo Abu Dhabi United Arab Emirates
100%
Royal Jordaninan Amman Jordan
100%
Air India Amsterdam Netherlands
100%
KLM Amsterdam Netherlands
100%
Azerbaijan Airlines Baku Azerbaijan
100%
IndiGo Baku Azerbaijan
100%
Thai Air Asia X Bangkok-Don Mueang Thailand
100%
Thai Lion Air Bangkok-Don Mueang Thailand
100%
Air India Bangkok-Suvarnabhumi Thailand
100%
IndiGo Bangkok-Suvarnabhumi Thailand
100%
Thai Airways International Bangkok-Suvarnabhumi Thailand
100%
Air India Express Dammam/Damman Saudi Arabia
100%
IndiGo Dammam/Damman Saudi Arabia
100%
Air India Dhaka Bangladesh
100%
Biman Bangladesh Airlines Dhaka Bangladesh
100%
IndiGo Dhaka Bangladesh
100%
Air India Doha Qatar
100%
IndiGo Doha Qatar
100%
Qatar Airways Doha Qatar
100%
Air India Dubai-International United Arab Emirates
100%
Emirates Dubai-International United Arab Emirates
100%
FlyDubai Dubai-International United Arab Emirates
100%
IndiGo Dubai-International United Arab Emirates
100%
Air India Frankfurt Germany
100%
Lufthansa Frankfurt Germany
100%
IndiGo Hanoi Vietnam
100%
VietJet Air Hanoi Vietnam
100%
Vietnam Airlines Hanoi Vietnam
100%
Turkish Airlines Istanbul Turkiye
100%
Air India Jeddah Saudi Arabia
100%
IndiGo Jeddah Saudi Arabia
100%
Saudia Jeddah Saudi Arabia
100%
Ariana Afghan Airlines Kabul Afghanistan
100%
Kam Air Kabul Afghanistan
100%
Air India Kathmandu Nepal
100%
Bhutan Airlines Kathmandu Nepal
100%
Nepal Airlines Kathmandu Nepal
100%
Air India Kuala Lumpur-International Malaysia
100%
Air Asia X Kuala Lumpur-International Malaysia
100%
Malaysia Airlines Kuala Lumpur-International Malaysia
100%
Jazeera Airways Kuwait City Kuwait
100%
Kuwait Airways Kuwait City Kuwait
100%
Air India London-Heathrow United Kingdom
100%
British Airways London-Heathrow United Kingdom
100%
Virgin Atlantic London-Heathrow United Kingdom
100%
Air India Male Maldives
100%
IndiGo Male Maldives
100%
Air India Express Manama Bahrain
100%
Gulf Air Manama Bahrain
100%
Air India Manila Phillippines
100%
Air India Melbourne Australia
100%
Qantas Melbourne Australia
100%
Air India Milan-Malpensa Italy
100%
Lufthansa Munich Germany
100%
Oman Air Muscat Oman
100%
Salam Air Muscat Oman
100%
Air India Newark United States of America
100%
United Airlines Newark United States of America
100%
Air India New York-JFK United States of America
100%
American Airlines New York-JFK United States of America
100%
Air India Riyadh Saudi Arabia
100%
Fly Nas Riyadh Saudi Arabia
100%
IndiGo Riyadh Saudi Arabia
100%
Saudia Riyadh Saudi Arabia
100%
ITA Airways Rome-Fiumicino Italy
100%
Air India Seoul-Incheon South Korea
100%
Korean Air Seoul-Incheon South Korea
100%
Air India Shanghai-Pudong China
100%
China Eastern Airlines Shanghai-Pudong China
100%
Air India Singapore Singapore
100%
IndiGo Singapore Singapore
100%
Singapore Airlines Singapore Singapore
100%
Air India Sydney Australia
100%
IndiGo Tbilisi Georgia
100%
Mahan Air Tehran-Imam Khomeini Iran
100%
Air India Tel Aviv Israel
100%
Air India Tokyo-Haneda Japan
100%
All Nippon Airways Tokyo-Haneda Japan
100%
Japan Airlines Tokyo-Haneda Japan
100%
Japan Airlines Tokyo-Narita Japan
100%
Air India Vienna Austria
100%
LOT Polish Airlines Warsaw-Chopin Poland
100%
Air India Yangon Myanmar
100%
Myanmar Airways International Yangon Myanmar
100%
Air India Zurich Switzerland
100%
Swiss International Airlines Zurich Switzerland
100%
Ethiopian Airlines Addis Ababa Ethiopia
75%
Turkmenistan Airlines Ashgabat Turkmenistan
75%
Air India Birmingham United Kingdom
75%
Aero Nomad Airlines Bishkek Kyrgyzstan
75%
EgyptAir Cairo Egypt
75%
Air India Chicago-O'Hare United States of America
75%
Air India Colombo Sri Lanka
75%
Sri Lankan Airlines Colombo Sri Lanka
75%
Air India Copenhagen Denmark
75%
Air India Denpasar Indonesia
75%
IndiGo Denpasar Indonesia
75%
Somon Air Dushanbe Tajikistan
75%
Finnair Helsinki Finland
75%
Air India Ho Chi Minh City Vietnam
75%
Vietnam Airlines Ho Chi Minh City Vietnam
75%
Air India Hong Kong China
75%
Cathay Pacific Hong Kong China
75%
IndiGo Hong Kong China
75%
IndiGo Manchester United Kingdom
75%
Belavia Minsk Belarus
75%
Air Canada Montreal-Trudeau Canada
75%
Aeroflot Moscow-Sheremetyevo Russia
75%
Air France Paris-Charles de Gaulle France
75%
Air India Paris-Charles de Gaulle France
75%
Druk Air Paro Bhutan
75%
Air India Phuket Thailand
75%
IndiGo Phuket Thailand
75%
SpiceJet Phuket Thailand
75%
Air Mauritius Port Louis Mauritius
75%
Air India San Francisco United States of America
75%
Air Arabia Sharjah United Arab Emirates
75%
IndiGo Sharjah United Arab Emirates
75%
Centrum Air Tashkent Tajikistan
75%
Uzbekistan Airways Tashkent Uzbekistan
75%
Air Canada Toronto-Pearson Canada
75%
Air India Toronto-Pearson Canada
75%
Air India Vancouver Canada
75%
IndiGo Guangzhou China
50%
VietJet Air Ho Chin Minh City Vietnam
25%
IndiGo Krabi Thailand
25%
No matching quizzes found
Score Distribution
Percent of People with Each Score
Percentile by Number Answered
Your Score History
You have not taken this quiz since the last reset